000 00297nam a22001337a 4500
008 170707b xxu||||| |||| 00| 0 eng d
020 _a0852296339
041 _aeng
080 _a003
100 _a23
101 _aENC
245 _aTHE NEW ENCYCLOPEDIA BRITANNICA
_cSAFRA,J.E
942 _2udc
_cBK
999 _c20091
_d20091